00346 a2200145 4500003000400000005001700004008004100021020000600062040000600068082002000074100002000094245004400114300001500158440002700173OSt20170222154607.0160819b xxu||||| |||| 00| 0 eng d a0 c0 a333.79 GIB 1998 aGibbons John H. aSolar Power SatellitescJohn H. Gibbons a288 p.bPB aSolar Power Satellites